000
00345cam a2200145ua 4500
041
_a
hin
_h
082
_a
891.43
_b
GOV/MR
100
_a
Govind, singh .
245
_a
Mirlalini /
_c
Govind singh.
_h
Textual Documents
260
_a
:
_b
Hindiprachara pustkalay ,
_c
1961.
300
_a
91 ; .
504
_a
942
_c
BK
999
_c
12179
_d
12179